| 000 | 00494nam a2200193Ia 4500 | ||
|---|---|---|---|
| 008 | 180207s9999 xx 000 0 und d | ||
| 020 | _a9780717266176 | ||
| 050 | _bF938 2002 | ||
| 100 | _aFross, Kitty | ||
| 245 | _aBlue's perferct present / | ||
| 245 | _cby Kitty Fross ; illustrated by Victoria Miller. | ||
| 260 | _aNew York : | ||
| 260 | _bScholastic, | ||
| 260 | _c2002 | ||
| 300 | _aunpaged : | ||
| 300 | _bcolor illustrations ; | ||
| 300 | _c19cm. | ||
| 440 | _aBlue's clues. | ||
| 999 |
_c355605 _d355605 |
||